MARC details
| 000 -CABECERA |
| campo de control de longitud fija |
00855cam a2200241 a 4500 |
| 001 - NÚMERO DE CONTROL |
| campo de control |
000018000 |
| 005 - FECHA Y HORA DE LA ÚLTIMA TRANSACCIÓN |
| campo de control |
20200929165318.0 |
| 008 - DATOS DE LONGITUD FIJA--INFORMACIÓN GENERAL |
| campo de control de longitud fija |
760802s1969 ve a 001 p spa d |
| 040 ## - FUENTE DE LA CATALOGACIÓN |
| Centro catalogador/agencia de origen |
DO-SdBNP |
| Lengua de catalogación |
spa |
| Centro/agencia transcriptor |
DLC |
| Centro/agencia modificador |
BNPHU |
| 082 ## - NÚMERO DE LA CLASIFICACIÓN DECIMAL DEWEY |
| Número de clasificación |
Ve861.44 |
| Número de documento/Ítem |
A714i |
| 049 ## - FONDOS LOCALES (OCLC) |
| Fondos de biblioteca |
BNGR |
| 100 1# - ENTRADA PRINCIPAL--NOMBRE DE PERSONA |
| Nombre de persona |
Aristeguieta, Jean. |
| Fechas asociadas al nombre |
1925- |
| 9 (RLIN) |
38031 |
| 245 10 - MENCIÓN DE TÍTULO |
| Título |
Idioma original / |
| Mención de responsabilidad, etc. |
Jean Aristeguieta ; retrato por Oswaldo Guayasamin. |
| 260 ## - PUBLICACIÓN, DISTRIBUCIÓN, ETC. |
| Lugar de publicación, distribución, etc. |
Caracas, Venezuela : |
| Nombre del editor, distribuidor, etc. |
Dirección de Cultura, Universidad Central de Venezuela, |
| Fecha de publicación, distribución, etc. |
1969. |
| 300 ## - DESCRIPCIÓN FÍSICA |
| Extensión |
80 p. : |
| Otras características físicas |
il. ; |
| Dimensiones |
20 cm. |
| 490 1# - MENCIÓN DE SERIE |
| Mención de serie |
Letras de Venezuela |
| -- |
Poesía |
| Designación de volumen o secuencia |
21 |
| 650 #4 - PUNTO DE ACCESO ADICIONAL DE MATERIA--TÉRMINO DE MATERIA |
| Término de materia o nombre geográfico como elemento de entrada |
Poesía venezolana |
| 9 (RLIN) |
4230 |
| 650 #4 - PUNTO DE ACCESO ADICIONAL DE MATERIA--TÉRMINO DE MATERIA |
| Término de materia o nombre geográfico como elemento de entrada |
Literatura venezolana |
| 9 (RLIN) |
3816 |
| 650 #4 - PUNTO DE ACCESO ADICIONAL DE MATERIA--TÉRMINO DE MATERIA |
| Término de materia o nombre geográfico como elemento de entrada |
Imaginación |
| Subdivisión general |
Poesía |
| 9 (RLIN) |
39027 |
| 650 #4 - PUNTO DE ACCESO ADICIONAL DE MATERIA--TÉRMINO DE MATERIA |
| Término de materia o nombre geográfico como elemento de entrada |
Densidad |
| Subdivisión general |
Poesía |
| 9 (RLIN) |
39028 |
| 830 #0 - PUNTO DE ACCESO ADICIONAL DE SERIE-TÍTULO UNIFORME |
| Título uniforme |
Letras de Venezuela ; |
| Nombre de parte o sección de la obra |
Poesía |
| Designación de volumen o secuencia |
21 |
| 9 (RLIN) |
39029 |
| 910 ## - DATOS DE OPCIÓN DEL USUARIO (OCLC) |
| Datos de opción del usuario |
Catalogación por copia / LC |